Online
Catalog

Antología histórica de maestros y maestras de la Romana : (Record no. 35148)

MARC details
000 -CABECERA
campo de control de longitud fija 01015nam a2200241 a 4500
001 - NÚMERO DE CONTROL
campo de control 000035657
005 - FECHA Y HORA DE LA ÚLTIMA TRANSACCIÓN
campo de control 20211111120945.0
008 - DATOS DE LONGITUD FIJA--INFORMACIÓN GENERAL
campo de control de longitud fija 111107s2011 dr ac 000 0cspa d
020 ## - NÚMERO INTERNACIONAL ESTÁNDAR DEL LIBRO
Número Internacional Estándar del Libro 9789945164039
040 ## - FUENTE DE LA CATALOGACIÓN
Centro catalogador/agencia de origen DO-SdBNP
Lengua de catalogación spa
Centro/agencia transcriptor BNPHU
082 ## - NÚMERO DE LA CLASIFICACIÓN DECIMAL DEWEY
Número de clasificación 923.7729384
Número de documento/Ítem R696a
100 1# - ENTRADA PRINCIPAL--NOMBRE DE PERSONA
Nombre de persona Rodríguez Cedeño, Dávila
Fechas asociadas al nombre 1934-
9 (RLIN) 61579
245 10 - MENCIÓN DE TÍTULO
Título Antología histórica de maestros y maestras de la Romana :
Resto del título otros grandes maestros /
Mención de responsabilidad, etc. Dávila Rodríguez Cedeño.
260 ## - PUBLICACIÓN, DISTRIBUCIÓN, ETC.
Lugar de publicación, distribución, etc. Santo Domingo :
Nombre del editor, distribuidor, etc. Editora Búho,
Fecha de publicación, distribución, etc. 2011.
300 ## - DESCRIPCIÓN FÍSICA
Extensión 293 p. :
Otras características físicas il., retrs. ;
Dimensiones 23 cm.
504 ## - NOTA DE BIBLIOGRAFÍA, ETC.
Nota de bibliografía, etc. Bibliografía : p. 293
650 #4 - PUNTO DE ACCESO ADICIONAL DE MATERIA--TÉRMINO DE MATERIA
Término de materia o nombre geográfico como elemento de entrada Maestros
Subdivisión geográfica La Romana (República Dominicana{Rpara}
Subdivisión de forma BIOGRAFÍAS
9 (RLIN) 61580
650 #4 - PUNTO DE ACCESO ADICIONAL DE MATERIA--TÉRMINO DE MATERIA
Término de materia o nombre geográfico como elemento de entrada Educación
Subdivisión geográfica La Romana (República Dominicana{Rpara}
Subdivisión general Historia
9 (RLIN) 61581
650 #4 - PUNTO DE ACCESO ADICIONAL DE MATERIA--TÉRMINO DE MATERIA
Término de materia o nombre geográfico como elemento de entrada Personal docente
Subdivisión geográfica La Romana (República Dominicana{Rpara}
9 (RLIN) 61582
651 #0 - PUNTO DE ACCESO ADICIONAL DE MATERIA--NOMBRE GEOGRÁFICO
Nombre geográfico La Romana (República Dominicana)
9 (RLIN) 45329
650 #4 - PUNTO DE ACCESO ADICIONAL DE MATERIA--TÉRMINO DE MATERIA
Término de materia o nombre geográfico como elemento de entrada Ciudades y pueblos
Subdivisión geográfica República Dominicana
9 (RLIN) 784
910 ## - DATOS DE OPCIÓN DEL USUARIO (OCLC)
Datos de opción del usuario Validado. Control de calidad BNPHU
Holdings
Estado de retiro Estado de pérdida Restricciones de uso No para préstamo Código de colección Localización permanente Ubicación/localización actual Ubicación en estantería Fecha de adquisición Número de inventario Total de préstamos Signatura topográfica completa Código de barras Fecha visto por última vez Precio válido a partir de Tipo de ítem Koha Número de copia
        Patrimonio Dominicano General General Depósito 07.11.2011 LF1   923.7729384 R696a 35657-30 25.06.2020 25.06.2020 Libro y Folleto Colección Patrimonio Dominicano  
      Excluido de préstamo Patrimonio Dominicano Patrimonio Dominicano Patrimonio Dominicano Depósito 07.11.2011 LF1   923.7729384 R696a 35657-10 25.06.2020 25.06.2020 Libro y Folleto Colección Patrimonio Dominicano  
      Excluido de préstamo Patrimonio Dominicano Patrimonio Dominicano Patrimonio Dominicano Depósito 07.11.2011 LF1   923.7729384 R696a 35657-20 25.06.2020 25.06.2020 Libro y Folleto Colección Patrimonio Dominicano e. 2

Powered by Koha